La realidad soñada

Guardat en:
Dades bibliogràfiques
Autor principal: Kruse, Cecilia
Format: Llibre
Idioma:Undetermined
Publicat: San José, Costa Rica Progreso Editorial 2005
Matèries:
Etiquetes: Afegir etiqueta
Sense etiquetes, Sigues el primer a etiquetar aquest registre!

MARC

LEADER 00000nam a2200000Ia 4500
008 170316s9999 xx 000 0 und d
040 |a cru BVZT 
090 |a 868 K-3r 
100 |a Kruse, Cecilia 
245 |a La realidad soñada 
260 |a San José, Costa Rica 
260 |b Progreso Editorial 
260 |c 2005 
300 |a 163 páginas 
650 |a LITERATURA COSTARRICENSE 
650 |a NOVELA COSTARRICENSE 
999 |c 11240  |d 11240 
942 |c 15 D  |h 868 K-3r  |2 z